| 000 | 00821nam a2200253Ia 4500 | ||
|---|---|---|---|
| 003 | OSt | ||
| 005 | 20221005113008.0 | ||
| 006 | a|||||r|||| 00| 0 | ||
| 007 | ta | ||
| 008 | 221004b |||||||| |||| 00| 0 pan d | ||
| 020 |
_a9788171165704 (hbk) _c125 |
||
| 024 | _a2529 | ||
| 037 |
_b687, 16/01/2013, Bright Book Service _cTextual |
||
| 040 |
_aCRL _cCRL _bpan |
||
| 041 |
_2pan _apan |
||
| 082 | _aO153,2NSE,KA, Q1 | ||
| 100 | _aਸੇਵਕ, ਸ. ਨ. | ||
| 245 | 0 | _aਕਬੀਰ | |
| 260 |
_aਦਿੱਲੀ _bਨੈFਨਲ ਬੁੱਕ Fਾਪ ਭਾਰਤ _c2011 |
||
| 300 |
_a80ਪੰ _ccm. |
||
| 650 | _aਭੱਜ਼ਾਂਸ਼. ਸਾਂFੲਛ | ||
| 942 |
_hO153,2NSE,KA, Q1 _cTEXL _2cc |
||
| 999 |
_c1026682 _d1026682 |
||